| 000 | 00552nam a22001697a 4500 | ||
|---|---|---|---|
| 005 | 20241213131920.0 | ||
| 008 | 241213b |||||||| |||| 00| 0 eng d | ||
| 020 | _a9780697295866 | ||
| 050 |
_aQH541 _b.E58 |
||
| 100 | _aEnger, Eldon D. | ||
| 245 |
_aEnvironmental Science/ _bstudy of interrelationships _cEldon D. Enger & Bradley F. Smith |
||
| 250 |
_a5th ed. _bspecial edition |
||
| 260 |
_aDubuque, IA _bWm. C. Brown Publishers _c1995 |
||
| 300 |
_axvi.431p. _bill. map. some color _c28cm |
||
| 700 | _aSmith, Bradley F. | ||
| 942 |
_2lcc _cBK _e5th ed. _n0 |
||
| 999 |
_c2150 _d2150 |
||